| 000 | 00714cam a2200229u 4500 | ||
|---|---|---|---|
| 999 |
_c6999 _d6999 |
||
| 001 | 6729545 | ||
| 003 | GBCCL | ||
| 005 | 20241126110617.0 | ||
| 008 | 820430s1886 xx 000 0 eng | ||
| 010 | _aunk81060915 | ||
| 040 |
_aDLC _cCarP _dDLC |
||
| 050 | 0 | 0 |
_aBS440 _b.R3 1886 |
| 082 |
_a220.3 _bDIC |
||
| 100 | 1 |
_aRand, William W., [from old catalog] _ecomp. _912445 |
|
| 245 | 0 | 0 | _aDictionary of the Holy Bible... |
| 260 |
_aN.Y., _c1886. _bAmerican tract society, |
||
| 300 |
_a1 v. _bcm. |
||
| 530 | _aAlso available in digital form on the Internet Archive Web site. | ||
| 856 | 4 | 1 | _uhttp://hdl.loc.gov/loc.gdc/scd0001.00142408521 |
| 906 |
_a0 _bcbc _cpremunv _du _encip _f19 _gy-gencatlg |
||
| 942 |
_2ddc _cREF |
||